Vista normal
Vista MARC
Entrada Materia (tema)
Número de registros utilizados en: 1
001 - CONTROL NUMBER
- control field: 184890
003 - CONTROL NUMBER IDENTIFIER
- control field: Co-BoUCM
005 - DATE AND TIME OF LATEST TRANSACTION
- control field: 20250225133121.0
008 - FIXED-LENGTH DATA ELEMENTS
- fixed length control field: 250225|| aca||aabn | a|a d
040 ## - CATALOGING SOURCE
- Original cataloging agency: Co-BoUCM
- Transcribing agency: Co-BoUCM
150 ## - HEADING--TOPICAL TERM
- Topical term or geographic name as entry element: Terapia ocupacional
- General subdivision: Innovación en servicios
670 ## - SOURCE DATA FOUND
- Source citation: Work cat.: (Co-BoUCM): Brown, Catana 184885, The evidence-based practitioner : $b / $cCatana Brown, PhD, OTR/L, FAOTA, Midwestern University, Department of Occupational Therapy, Glendale, Arizona., 2017